|
|
|
|
| LEADER |
00000cam a2200000M 4500 |
| 001 |
JSTOR_on1202438649 |
| 003 |
OCoLC |
| 005 |
20231005004200.0 |
| 006 |
m d |
| 007 |
cr ||||||||||| |
| 008 |
201031s2017 xx o ||| 0 spa d |
| 040 |
|
|
|a YDX
|b eng
|c YDX
|d JSTOR
|d OCLCF
|d OCLCO
|d OCLCQ
|d OCLCO
|
| 020 |
|
|
|a 9587728084
|q (electronic bk.)
|
| 020 |
|
|
|a 9789587728088
|q (electronic bk.)
|
| 035 |
|
|
|a (OCoLC)1202438649
|
| 037 |
|
|
|a 22573/ctv18kn0zn
|b JSTOR
|
| 050 |
|
4 |
|a TD171.5.C7
|b M435 2017eb
|
| 082 |
0 |
4 |
|a 363.7009861
|2 23
|
| 049 |
|
|
|a UAMI
|
| 245 |
0 |
0 |
|a Medio ambiente y ordenacion del teritorio
|h [electronic resource].
|
| 250 |
|
|
|a 1ST ED.
|
| 260 |
|
|
|a [S.l.] :
|b UNIVERSIDAD DEL EXTERNADO,
|c 2017.
|
| 300 |
|
|
|a 1 online resource
|
| 590 |
|
|
|a JSTOR
|b Books at JSTOR Demand Driven Acquisitions (DDA)
|
| 590 |
|
|
|a JSTOR
|b Books at JSTOR All Purchased
|
| 650 |
|
0 |
|a Spatial ecology
|z Colombia.
|
| 650 |
|
0 |
|a City planning
|z Colombia.
|
| 650 |
|
6 |
|a Écologie spatiale
|z Colombie.
|
| 650 |
|
7 |
|a City planning
|2 fast
|
| 650 |
|
7 |
|a Spatial ecology
|2 fast
|
| 651 |
|
7 |
|a Colombia
|2 fast
|
| 856 |
4 |
0 |
|u https://jstor.uam.elogim.com/stable/10.2307/j.ctv18msnmv
|z Texto completo
|
| 938 |
|
|
|a YBP Library Services
|b YANK
|n 301704199
|
| 994 |
|
|
|a 92
|b IZTAP
|